000 01389cam a2200361 i 4500
001 41989
003 Mx-PuUPA
005 20260212110327.0
008 140415s2001 mx gr 001 0 spa d
020 _a9681665058
040 _aMx-PuUPA
_bspa
_cMx-PuUPA
_dMx-PuUPA
_erda
041 1 _aspa
_hita
100 1 _aBobbio, Norberto,
_d1909-2004
_eautor
_92406
240 1 3 _aIl futuro della democrazia.
_lEspañol
245 1 3 _aEl futuro de la democracia /
_b
_cNorbeto Bobbio ; traducción de José F. Fernández Santillán
250 _aTercera edición
264 1 _aMéxico, D.F. :
_bFondo de Cultura Económica,
_c2001
300 _a214 páginas ;
_c21 cm
336 _2rdacontent
_atexto
_btxt
337 _2rdamedia
_asin medio
_bn
338 _2rdacarrier
_avolumen
_bnc
490 0 _aColección Política y Derecho
500 _aReimpresiones: (primera reimpresión, 2003)
650 7 _2armarc
_aDemocracia
650 7 _2armarc
_aDemocracia
_vDiscursos, ensayos, conferencias
650 7 _2armarc
_aLiberalismo
700 1 _aFernández Santillán, José F.,
_etraductor
765 1 _aBobbio, Norberto
_tIl futuro della democrazia
_dTurín: Giulio Einaudi editore, 1991
_z8806127640
942 _2ddc
_cLI
_h321.8
_iB6618
999 _c41989
_d41989